| 000 | 00582nam a2200205Ia 4500 | ||
|---|---|---|---|
| 003 | OSt | ||
| 005 | 20230403114602.0 | ||
| 008 | 210423s1988 xx 000 0 und d | ||
| 020 | _a0-330-43929-4 | ||
| 040 | _cAL | ||
| 041 | _aeng | ||
| 082 |
_a823.914 _223 _bARCS |
||
| 100 |
_aARCHER (Jeffrey) _982546 |
||
| 245 | _aShall we tell the president?;Not a penny more not a penny less | ||
| 260 |
_aLondon _bPan Book Ltd _c1988 |
||
| 300 |
_a335 _bPB |
||
| 650 |
_aEnglish Fiction _982547 |
||
| 906 | _aless ; more ; not ; penny ; president ; Shall ; tell ; we | ||
| 942 |
_2ddc _cBK |
||
| 999 |
_c169098 _d169098 |
||